Manchester United Squad 1998-1999 - Statistics

General Stats
  • This quiz has been taken 87 times
  • The average score is 17 of 29
Answer Stats
# Position Nation Player % Correct
1 GK Denmark Peter Schmeichel
98%
7 MF England David Beckham
95%
12 DF England Phil Neville
95%
11 FW Wales Ryan Giggs
94%
9 FW England Andy Cole
92%
19 FW Trinidad and Tobago Dwight Yorke
92%
2 DF England Gary Neville
92%
18 MF England Paul Scholes
92%
16 MF Ireland Roy Keane
92%
20 FW Norway Ole Gunnar Solskjær
90%
- Coach Scotland Alex Ferguson
85%
6 DF Netherlands Jaap Stam
85%
10 FW England Teddy Sheringham
84%
3 DF Ireland Denis Irwin
74%
8 MF England Nicky Butt
74%
5 DF Norway Ronny Johnsen
55%
24 DF England Wes Brown
50%
15 MF Sweden Jesper Blomqvist
48%
21 DF Norway Henning Berg
47%
17 GK Netherlands Raimond van der Gouw
39%
4 DF England David May
35%
14 MF Netherlands Jordi Cruyff
32%
34 MF England Jonathan Greening
26%
22 FW Norway Erik Nevland
18%
13 DF England John Curtis
13%
23 DF England Mike Clegg
11%
38 DF Gibraltar Danny Higginbotham
10%
30 MF England Ronnie Wallwork
8%
33 MF England Mark Wilson
6%
No matching quizzes found
Score Distribution
Percent of People with Each Score
Percentile by Number Answered
Your Score History
You have not taken this quiz